The logical framework approach (LFA)

Na minha lista:
Detalhes bibliográficos
Formato: Livro
Idioma:Undetermined
Publicado em: Norway Norad
Assuntos:
Tags: Adicionar Tag
Sem tags, seja o primeiro a adicionar uma tag!
Thư viện lưu trữ: Trung tâm Học liệu Trường Đại học Cần Thơ
LEADER 00449nam a2200169Ia 4500
001 CTU_144601
008 210402s9999 xx 000 0 und d
082 |a 338.9 
082 |b L832 
245 4 |a The logical framework approach (LFA) 
245 0 |c Norad 
260 |a Norway 
260 |b Norad 
650 |a Economic development projects 
650 |x Planning 
904 |i Giang sửa 
980 |a Trung tâm Học liệu Trường Đại học Cần Thơ